| 000 | 00733nam a22002657a 4500 | ||
|---|---|---|---|
| 999 |
_c309483 _d309483 |
||
| 001 | 23239 | ||
| 003 | UA-OsUOA | ||
| 005 | 20230504161210.0 | ||
| 007 | ta | ||
| 008 | 20040115b un ||||| |||| 00| 0 ukr d | ||
| 020 | _a96606020006 | ||
| 040 |
_aUA-OsUOA _bukr _cUA-OsUOA _dUA-OsUOA |
||
| 041 | _aukr | ||
| 044 | _aUA | ||
| 080 | _a22(075.8) | ||
| 090 |
_a22(075.8) _bГ61 |
||
| 100 | _aГоловащенко С. | ||
| 245 |
_aБіблієзнавство: вступний курс _bнавчальний посібник |
||
| 260 |
_aКиїв _bЛибідь _c2001 |
||
| 300 | _a496 с. | ||
| 650 | 7 | _2UDC | |
| 942 |
_cBK _2udc |
||
| 955 | _a2 | ||